| 000 | 01380nam a22003257a 4500 | ||
|---|---|---|---|
| 003 | OSt | ||
| 005 | 20170731131331.0 | ||
| 008 | 170704s2016 ua fr 000 0 ara d | ||
| 020 | _a9789933505783 | ||
| 040 |
_aEG-ScBUE _bara _cEG-ScBUE |
||
| 041 | 1 |
_aara _heng |
|
| 082 | 0 | 4 |
_222 _a320.962 _bف ي ر |
| 100 | 1 | _aفيركلاو، إيزبيلا. | |
| 240 |
_aPolitical discourse analysis. _lArabic |
||
| 245 | 1 | 0 |
_aتحليل الخطاب السياسي : _bمقاربة لطلاب الدراسات المتقدمة والعليا / _cإيزابيلا فيركلاو، نورمان فيركلاو ؛ نقله إلى العربية عبد الفتاح عمورة. |
| 250 | _aط. 1. | ||
| 260 |
_aدمشق : _bدار الفرقد، _c2016. |
||
| 300 |
_a535 ص. ؛ _c24 سم. |
||
| 521 | _aموجه إلى طلاب الدراسات العليا. | ||
| 541 | _a.إهداء من أ. محمد فريد خميس | ||
| 546 | _aالنص باللغة العربية ؛ مترجم من اللغة الإنجليزية. | ||
| 590 | _aعلياء عادل | ||
| 650 | 7 |
_2BUEsh _aالخطب السياسية _xمصر |
|
| 651 | 7 |
_2BUEsh _aمصر _xسياسة وحكومة. _929430 |
|
| 653 |
_bBUSBOL _cJuly2017 |
||
| 655 |
_vReading book _934232 |
||
| 700 | 1 |
_aفيركلاو، نورمان، _d1941 - |
|
| 700 | 1 |
_aعمورة، عبد الفتاح، _eمترجم. |
|
| 942 | _2ddc | ||
| 999 |
_c24979 _d24951 |
||